000 00538nam a2200193 u 4500
005 20210223131948.0
008 121120s2009 r 000 0 eng d
020 _a9788496974470
035 _aUPN01000188704
049 _aCG
050 4 _aPR4611
_bA4.4
100 1 _aCarroll, Lewis,
_d1832-1898
245 1 0 _aAlimentar la mente /
_cLewis Carroll ; tr. Carlos García Simón.
260 _aMadrid :
_bGadir,
_c2009.
300 _a69 p.
440 0 _aPequeña biblioteca Gadir
650 4 _aENSAYOS INGLESES
_919125
905 _aLibro
999 _c160807
_d160807